| 000 | 00596nam a22001937a 4500 | ||
|---|---|---|---|
| 005 | 20240410115646.0 | ||
| 010 | _aENG-140101 | ||
| 020 |
_a9789393272133 _c1200.00 |
||
| 035 | _aEN-123633 | ||
| 037 | _bDBAD/PUB | ||
| 082 | _a230.1 | ||
| 100 |
_aMuller, F.Max _964574 |
||
| 245 |
_aIndia: What Can it Teach Us ? / _cby F.Max Muller ; introduces by Alexander Wilder |
||
| 260 |
_aUttar Pradesh _bA.J.Books _c2022 |
||
| 270 |
_bUttar Pradesh _aB-46-A, Nandgram Ghaziabad |
||
| 300 |
_a239p. _c23cm(hb) |
||
| 700 |
_aWilder, Alexander _964575 |
||
| 942 |
_2ddc _cEN _h230.1 _mMUL |
||
| 999 |
_c202072 _d202072 |
||